Working ClassMovement in India in the Twenty-first Century: Continuity and Change, Orientation and Possibilities, Problems and Challenges (Record no. 42685)
[ view plain ]
| 000 -LEADER | |
|---|---|
| fixed length control field | 00597nam a2200193Ia 4500 |
| 008 - FIXED-LENGTH DATA ELEMENTS--GENERAL INFORMATION | |
| fixed length control field | 220531s9999 xx 000 0 und d |
| 041 ## - LANGUAGE CODE | |
| Language code of text/sound track or separate title | eng |
| 082 ## - DEWEY DECIMAL CLASSIFICATION NUMBER | |
| Item number | WOR / ARV |
| 100 ## - MAIN ENTRY--PERSONAL NAME | |
| Personal name | Arvind Memorial Trust |
| 9 (RLIN) | 76882 |
| 245 ## - TITLE STATEMENT | |
| Title | Working ClassMovement in India in the Twenty-first Century: Continuity and Change, Orientation and Possibilities, Problems and Challenges |
| 250 ## - EDITION STATEMENT | |
| Edition statement | 1ST |
| 260 ## - PUBLICATION, DISTRIBUTION, ETC. (IMPRINT) | |
| Place of publication, distribution, etc. | Lucknow |
| Name of publisher, distributor, etc. | Arvind Memorial Trust |
| Date of publication, distribution, etc. | 2013 |
| 300 ## - PHYSICAL DESCRIPTION | |
| Extent | 120 |
| 542 ## - INFORMATION RELATING TO COPYRIGHT STATUS | |
| Copyright holder | 20-03-2017 |
| 551 ## - | |
| -- | Sociology |
| 650 ## - SUBJECT ADDED ENTRY--TOPICAL TERM | |
| Topical term or geographic name as entry element | Sociology |
| 9 (RLIN) | 76883 |
| 906 ## - LOCAL DATA ELEMENT F, LDF (RLIN) | |
| d | 2016-2017 |
| f | 10694 |
| Withdrawn status | Lost status | Source of classification or shelving scheme | Damaged status | Not for loan | Collection code | Home library | Current library | Date acquired | Vendor | Cost, normal purchase price | Total Checkouts | Total Holds | Full call number | Barcode | Date last seen | Cost, replacement price | Bill Date | Koha item type | Original Barcode |
|---|---|---|---|---|---|---|---|---|---|---|---|---|---|---|---|---|---|---|---|
| Dewey Decimal Classification | Shri Siddhivinayak Mahila Mahavidyalaya | Shri Siddhivinayak Mahila Mahavidyalaya | 28/03/2017 | Hariti | 40.00 | 1 | /WOR/ARV/B/17826 | SSMM-BK-17826 | 06/08/2022 | 40.00 | 06/08/2022 | Books | 010017826 |